Dans quel département français se situe cette ville ? #1 - Statistiques

Statistiques générales
  • Ce quiz a été pris 120 fois
  • Le résultat moyen est 10 sur 15
Statistiques - réponses
Question Réponse % Correct
Aurillac Cantal
86%
Colmar Haut-Rhin
86%
Versailles Yvelines
86%
Calvi Haute-Corse
71%
Toulouse Haute-Garonne
71%
Annecy Haute-Savoie
71%
Limoges Haute-Vienne
71%
Béziers Hérault
71%
Rennes Ille-et-Vilaine
71%
Bourgoin-Jallieu Isère
71%
Lille Nord
71%
Gap Hautes-Alpes
57%
Châteauroux Indre
57%
Reims Marne
57%
Villefranche-sur-Saône Rhône
29%
Aucun quiz correspondant
Distribution des résultats
% des personnes avec chaque résultat
Percentile par nombre de réponses
Votre historique - résultats
Vous n’avez pas pris ce quiz